[Event "Nantes op 5th"]
[Site "Nantes"]
[Date "2006.12.27"]
[Round "3"]
[White "Pendrigh, Robin"]
[Black "Lemonnier, Yohan"]
[Result "1/2-1/2"]
[WhiteElo "1510"]
[BlackElo "1910"]
[PlyCount "48"]
[EventDate "2006.12.26"]
[EventType "swiss"]
[EventRounds "9"]
[EventCountry "FRA"]
[SourceTitle "CBM 116 Extra"]
[Source "ChessBase"]
[SourceDate "2007.03.07"]
[SourceVersion "1"]
[SourceVersionDate "2007.03.07"]
[SourceQuality "1"]

1. d4 d5 2. c4 c6 3. Nf3 Bf5 4. cxd5 cxd5 5. Nc3 e6 6. Bg5 Be7 7. Bxe7 Qxe7 8. e3 Nf6 9. Bb5+ Nbd7 10. 0-0 0-0 11. Rc1 Bg4 12. Be2 Qb4 13. Qa4 Qxa4 14. Nxa4 Rfc8 15. b3 Ne4 16. h3 Bxf3 17. gxf3 Nd6 18. Nb2 Rxc1 19. Rxc1 Rc8 20. Rxc8+ Nxc8 21. Nd3 b6 22. Nb4 Nb8 23. Kf1 Nd6 24. Bd3 f5 1/2-1/2

[Event "FRA-chT3 0405"]
[Site "France"]
[Date "2004.11.07"]
[Round "2"]
[White "Lemonnier, Yohan"]
[Black "Le Duigou, Jean Guy"]
[Result "0-1"]
[WhiteElo "1860"]
[BlackElo "2020"]
[PlyCount "52"]
[EventDate "2004.10.10"]
[EventType "team"]
[EventRounds "9"]
[EventCountry "FRA"]
[SourceTitle "EXT 2007"]
[Source "ChessBase"]
[SourceDate "2006.11.23"]
[SourceVersion "1"]
[SourceVersionDate "2006.11.23"]
[SourceQuality "1"]

1. e4 c5 2. Nf3 Nc6 3. d4 cxd4 4. Nxd4 e6 5. Nc3 a6 6. Be2 Qc7 7. 0-0 Nf6 8. Be3 Bb4 9. Na4 0-0 10. Bf3 Ne5 11. c3 Bd6 12. g3 b5 13. Nb6 Qxb6 14. Nxe6 Nxf3+ 15. Qxf3 Qc6 16. Nxf8 Bxf8 17. Rfe1 Bb7 18. Rad1 Nxe4 19. Rd4 d5 20. Qh5 g6 21. Qd1 Bg7 22. f3 Bxd4 23. Bxd4 Ng5 24. f4 Ne6 25. f5 Nxd4 26. Qxd4 Re8 0-1

[Event "FRA-chT4 0304"]
[Site "Bretagne"]
[Date "2004.03.14"]
[Round "6"]
[White "Lemonnier, Yohan"]
[Black "Le Noir, Pierre"]
[Result "1/2-1/2"]
[WhiteElo "1770"]
[BlackElo "1780"]
[PlyCount "113"]
[EventDate "2003.10.12"]
[EventType "team"]
[EventRounds "9"]
[EventCountry "FRA"]
[SourceTitle "EXT 2005"]
[Source "ChessBase"]
[SourceDate "2004.11.15"]
[SourceVersion "1"]
[SourceVersionDate "2004.11.15"]
[SourceQuality "1"]

1. e4 e5 2. Bc4 Nc6 3. Nf3 Nf6 4. Ng5 d5 5. exd5 Nd4 6. c3 Nf5 7. Qe2 Be7 8. Nxf7 Kxf7 9. d6+ Kf8 10. dxe7+ Qxe7 11. d3 Nd6 12. Bb3 Bf5 13. Be3 e4 14. d4 c6 15. Na3 Re8 16. Nc4 Nxc4 17. Qxc4 Nd5 18. 0-0 Be6 19. Qe2 Qh4 20. Bxd5 Bxd5 21. c4 Bf7 22. Qd2 Qe7 23. b3 b6 24. Rae1 Qd7 25. f3 exf3 26. Rxf3 Kg8 27. Ref1 Bh5 28. Rf4 h6 29. Qf2 Kh7 30. h3 Rhg8 31. g4 Bg6 32. Rd1 Re4 33. Rxe4 Bxe4 34. Qf4 Qe7 35. Rf1 Bg6 36. Rf2 Re8 37. Re2 Bd3 38. Re1 Qh4 39. Rd1 Bg6 40. Kh2 Re4 41. Qf3 Qe7 42. Re1 Rxd4 43. Bxd4 Qxe1 44. a3 Be4 45. Qf2 Qxf2+ 46. Bxf2 Bc2 47. b4 Bb3 48. c5 b5 49. Kg3 g5 50. h4 gxh4+ 51. Kxh4 Kg6 52. Bg3 Bd1 53. Bf4 h5 54. gxh5+ Bxh5 55. Bg5 Bd1 56. Bd8 Kf5 57. Ba5 1/2-1/2

[Event "FRA-chT4 0203"]
[Site "Bretagne"]
[Date "2003.02.02"]
[Round "5"]
[White "Lemonnier, Yohan"]
[Black "Even, Jacky"]
[Result "1/2-1/2"]
[WhiteElo "1760"]
[BlackElo "1990"]
[PlyCount "57"]
[EventDate "2002.10.??"]
[EventType "team"]
[EventRounds "7"]
[EventCountry "FRA"]
[SourceTitle "EXT 2007"]
[Source "ChessBase"]
[SourceDate "2006.11.23"]
[SourceVersion "1"]
[SourceVersionDate "2006.11.23"]
[SourceQuality "1"]

1. e4 e6 2. d4 d5 3. exd5 exd5 4. c4 Nf6 5. Nf3 Be7 6. Be2 0-0 7. 0-0 dxc4 8. Bxc4 Bg4 9. a3 Nc6 10. Be3 Bxf3 11. Qxf3 Nxd4 12. Qxb7 Nc2 13. Ra2 Nxe3 14. fxe3 Bc5 15. Qf3 Re8 16. Re1 Rxe3 17. Rxe3 Bxe3+ 18. Kh1 Bb6 19. b3 Rb8 20. Rd2 Qe7 21. Re2 Qc5 22. Re1 Rd8 23. a4 Ba5 24. Rf1 Bb4 25. Nc3 Bxc3 26. Qxc3 Qd4 27. Qxd4 Rxd4 28. h3 Rd7 29. Rf5 1/2-1/2

[Event "FRA-chT4 0203"]
[Site "Bretagne"]
[Date "2003.01.19"]
[Round "4"]
[White "Lemonnier, Yohan"]
[Black "Bleuzen, Cedric"]
[Result "0-1"]
[WhiteElo "1760"]
[BlackElo "2037"]
[PlyCount "84"]
[EventDate "2002.10.??"]
[EventType "team"]
[EventRounds "7"]
[EventCountry "FRA"]
[SourceTitle "EXT 2007"]
[Source "ChessBase"]
[SourceDate "2006.11.23"]
[SourceVersion "1"]
[SourceVersionDate "2006.11.23"]
[SourceQuality "1"]

1. e4 e6 2. d4 d5 3. Nc3 Nf6 4. Bg5 Bb4 5. e5 h6 6. exf6 hxg5 7. fxg7 Rg8 8. Qh5 Qf6 9. Qh7 Qxg7 10. Qxg7 Rxg7 11. a3 Bxc3+ 12. bxc3 b6 13. Nf3 Ba6 14. Bd3 Bxd3 15. cxd3 g4 16. Nd2 Nc6 17. Nb3 0-0-0 18. a4 a5 19. Nd2 Rh8 20. g3 Rgh7 21. Nf1 f5 22. Ra2 e5 23. Ne3 exd4 24. Nxd5 dxc3 25. Nxc3 Rd8 26. 0-0 Rxd3 27. Ne2 Nd4 28. Nxd4 Rxd4 29. f3 f4 30. fxg4 fxg3 31. hxg3 Rxg4 32. Kg2 Rhg7 33. Ra3 Kb7 34. Kh3 Rb4 35. Rf5 Rgg4 36. Rff3 Ka6 37. Rf7 c5 38. Rc7 Rxa4 39. Rxa4 Rxa4 40. g4 Ra1 41. g5 Rg1 42. Kh4 a4 0-1

[Event "FRA-chT4 Ligue Bretagne 0102"]
[Site "Bretagne"]
[Date "2002.02.03"]
[Round "5"]
[White "Lemonnier, Yohan"]
[Black "Meysson, Jean Marc"]
[Result "1/2-1/2"]
[WhiteElo "1620"]
[BlackElo "1880"]
[PlyCount "55"]
[EventDate "2001.10.??"]
[EventType "team"]
[EventRounds "7"]
[EventCountry "FRA"]
[SourceTitle "EXT 2008"]
[Source "ChessBase"]
[SourceDate "2007.11.25"]
[SourceVersion "1"]
[SourceVersionDate "2007.11.25"]
[SourceQuality "1"]

1. e4 c5 2. Nf3 e6 3. c3 Nc6 4. d4 d5 5. exd5 exd5 6. Bf4 c4 7. g3 Nf6 8. Ne5 Be7 9. Bg2 Bf5 10. Nd2 0-0 11. 0-0 Qb6 12. Qc1 Rfe8 13. Re1 Rad8 14. Be3 Ng4 15. Nxg4 Bxg4 16. Nxc4 dxc4 17. d5 Qc7 18. dxc6 bxc6 19. Bd4 c5 20. Be5 Qd7 21. Qc2 Bd6 22. Bxd6 Qxd6 23. Qa4 Qb8 24. Rxe8+ Rxe8 25. b3 Be6 26. Re1 cxb3 27. axb3 Rc8 28. c4 1/2-1/2